<?xml version="1.0" encoding="UTF-8"?>
<collection xmlns="http://www.loc.gov/MARC21/slim">
 <record>
  <leader>03038nam a2200313 a 4500</leader>
  <controlfield tag="001">1/27743</controlfield>
  <controlfield tag="008">      s2001    lu     f      00010 gre d</controlfield>
  <datafield tag="022" ind1="0" ind2=" ">
   <subfield code="a">0254-1483</subfield>
  </datafield>
  <datafield tag="022" ind1="0" ind2=" ">
   <subfield code="a">0254-1475</subfield>
  </datafield>
  <datafield tag="028" ind1="3" ind2="1">
   <subfield code="a">KT-CO-01-342-GR-C (τ. 2)</subfield>
  </datafield>
  <datafield tag="028" ind1="3" ind2="1">
   <subfield code="a">KT-CO-01-342-EN-C (τ. 2)</subfield>
  </datafield>
  <datafield tag="028" ind1="3" ind2="1">
   <subfield code="a">KT-CO-01-341-GR-C (τ. 1)</subfield>
  </datafield>
  <datafield tag="028" ind1="3" ind2="1">
   <subfield code="a">KT-CO-01-341-EN-C (τ. 1)</subfield>
  </datafield>
  <datafield tag="028" ind1="3" ind2="1">
   <subfield code="a">2001/0130 (CNS)</subfield>
  </datafield>
  <datafield tag="035" ind1=" " ind2=" ">
   <subfield code="l">29606</subfield>
  </datafield>
  <datafield tag="040" ind1=" " ind2=" ">
   <subfield code="a">GR-PeUP</subfield>
  </datafield>
  <datafield tag="084" ind1="-" ind2="-">
   <subfield code="2">KET</subfield>
   <subfield code="a">COM (2001) 308 τελικό</subfield>
  </datafield>
  <datafield tag="110" ind1="2" ind2=" ">
   <subfield code="a">Επιτροπή των Ευρωπαϊκών Κοινοτήτων.</subfield>
  </datafield>
  <datafield tag="245" ind1="1" ind2="0">
   <subfield code="a">Πρόταση του Συμβουλίου σχετικά με την τροποποίηση του κανονισμού (ΕΚ) αριθ. 723/97 για την υλοποίηση προγραμμάτων δράσης των κρατών μελών στον τομέα των ελέγχων των δαπανών του ΕΓΤΠΕ, Τμήμα Εγγυήσεων:</subfield>
   <subfield code="b">υποβληείσα από την Επιτροπή/</subfield>
   <subfield code="c">Επιτροπή των Ευρωπαϊκών Κοινοτήτων (τίτλος 1ου τόμου)</subfield>
  </datafield>
  <datafield tag="246" ind1="1" ind2="0">
   <subfield code="a">Έκθεση της Επιτροπής προς το Συμβούλιο όσον αφορά την κατάσταση εφαρμογής του κανονισμού (ΕΚ) αριθ. 723/97 του Συμβουλίου για την υλοποίηση προγραμμάτων δράσης των κρατών μελών στον τομέα των ελέγχων των δαπανών του ΕΓΤΠΕ, Τμήμα &quot;Εγγυήσεων&quot;, για την περίοδο 1997-2000:</subfield>
   <subfield code="b">υποβληθείσα από την Επιτροπή (τίτλος 2ου τόμου)</subfield>
  </datafield>
  <datafield tag="246" ind1="1" ind2="0">
   <subfield code="a">Proposal for a Council regulation amending regulation (EC) No 723/97 on the implementation of Member States' action programmes on control of EAGGF Guarantee Section expenditure:</subfield>
   <subfield code="b">presented by the Commission (τίτλος 1ου τόμου)</subfield>
  </datafield>
  <datafield tag="246" ind1="1" ind2="0">
   <subfield code="a">Report from the Commission to the Council on utilisation (1997-2000) of Council regulation (EC) No 723/97 on implementation of Member States' action programmes on policing of EAGGF Guarantee Section expenditure:</subfield>
   <subfield code="b">presented by the Commission (τίτλος 2ου τόμου)</subfield>
  </datafield>
  <datafield tag="260" ind1="0" ind2=" ">
   <subfield code="a">Βρυξέλλες, Λουξεμβούργο:</subfield>
   <subfield code="b">Υπηρεσία Επισήμων Εκδόσεων των Ευρωπαϊκών Κοινοτήτων,</subfield>
   <subfield code="c">11.6.2001</subfield>
  </datafield>
  <datafield tag="300" ind1=" " ind2=" ">
   <subfield code="a">2 τ.</subfield>
  </datafield>
  <datafield tag="500" ind1=" " ind2=" ">
   <subfield code="a">Δίγλωσσο</subfield>
  </datafield>
  <datafield tag="852" ind1=" " ind2=" ">
   <subfield code="a">INST</subfield>
   <subfield code="b">UNIPILB</subfield>
   <subfield code="c">KET</subfield>
   <subfield code="e">20050830</subfield>
   <subfield code="h">KET  COM (2001) 308 τελικό</subfield>
   <subfield code="p">COM (2001) 308a</subfield>
   <subfield code="q">COM (2001) 308a</subfield>
   <subfield code="t">NOLOAN</subfield>
   <subfield code="y">23</subfield>
   <subfield code="4">1</subfield>
  </datafield>
  <datafield tag="852" ind1=" " ind2=" ">
   <subfield code="a">INST</subfield>
   <subfield code="b">UNIPILB</subfield>
   <subfield code="c">KET</subfield>
   <subfield code="e">20050830</subfield>
   <subfield code="h">KET  COM (2001) 308 τελικό</subfield>
   <subfield code="p">COM (2001) 308b</subfield>
   <subfield code="q">COM (2001) 308b</subfield>
   <subfield code="t">NOLOAN</subfield>
   <subfield code="y">23</subfield>
   <subfield code="4">1</subfield>
  </datafield>
  <datafield tag="856" ind1="7" ind2="8">
   <subfield code="u">https://eur-lex.europa.eu/legal-content/EL/TXT/PDF/?uri=CELEX:52001PC0308&amp;qid=1550139063376&amp;from=EL</subfield>
  </datafield>
  <datafield tag="856" ind1="7" ind2="8">
   <subfield code="u">https://eur-lex.europa.eu/legal-content/EL/TXT/HTML/?uri=CELEX:52001DC0308&amp;qid=1550139063376&amp;from=EL</subfield>
  </datafield>
 </record>
</collection>
